000 00992nam a22002897a 4500
001 BR2012001105
003 BR-BrBNA
005 20230928103856.0
007 ta
008 230509b bl.||||| |||| 00| 0 por d
040 _aBR-BrBNA
_bpor
_cBiblioteca Nacional de Agricultura
041 _a(Por)
072 _aL73; U10
_b5100
090 _ 5100 BR2012001105
100 1 _aDinz, R.S.
110 1 _aUniversidade Federal de Minas Gerais, Belo Horizonte (Brasil). Escola de Veterinária
_0Tese (Mestre em Ciência Animal)
245 1 _aDeterminação do ponto de corte sensibilidade e especificidade do Elisa rgp90 para o diagnóstico da anemia infecciosa equina utilizando o modelo bayesiano
260 3 _aBelo Horizonte, MG (Brasil):
_c2009.
300 _a27 p.
500 _aSummaries (Eng, Por); 47 ref.; 8 tables; 6 illus.
650 _aEQUINO
650 _aANEMIA INFECCIOSA
650 _aELISA
650 _aMÉTODO
909 _a202309
_bLucia
_c55
_dLucia Elande
942 _cBK
999 _c77032
_d77032